000 00972nam a22002057a 4500
999 _c60318
_d60318
003 Ge_BSU
005 20230628165759.0
008 230628s2005 ge ||||| |||| 00| 0 geo d
020 _a9994081551
041 _ageo
080 _a330.1(075.3) ა-87
100 _aასათიანი, როზეტა
_919046
245 _aეკონომიკა-კეთილი ჯადოქარი :
_b[სახელმძღვ. საშ. სკ. მე-5 კლ. /
_cროზეტა ასათიანი, დოდო იოსელიანი; მეცნ.-რედ.: ლეო ჩიქავა].
264 _aთბილისი :
_b სიახლე,
_c2005.
300 _a110გვ. ;
_b20სმ.
653 _aეკონომიკა
700 _aჩიქავა, ლეო
_eმეცნ.-რედაქტორი
_919047
700 _aიოსელიანი, დოდო
_eავტორი
_94628
942 _2udc
_cBK